Представление документа в формате MARC21

Поле Инд. ПП Название Значение
Тип записи a
Библиографический уровень a
001 Контрольный номер ce4e3b13800d4f7b9b9024a62244dec4
005 Дата корректировки 20220513110539.6
080 a Индекс УДК 330.146:001.895
097 b Оператор *Ир*
100 1_ a Автор Данилова А.М.
245 10 a Заглавие Сущность и взаимодействие инвестиций и инноваций
b Продолж. заглавия статья
p Название части/ раздела - Текст : электронный
520 0_ a Аннотация Исключена сущность понятий «инвестиция» и «инновация». Кроме того, основные аспекты взаимодействия и внедрения в мыслях. Выявлены преимущества инвестирования в инновационные процессы
653 0_ a Ключевые слова Инвестиции
653 0_ a Ключевые слова Инновации
653 0_ a Ключевые слова Предпринимательство
653 0_ a Ключевые слова Прибыль
653 0_ a Ключевые слова Инновационный продукт
773 18 t Название источника Экономика и управление предприятиями, отраслями, комплексами в условиях инновационного развития : сб. науч. тр. III Междунар. науч.-практ. конф. : в 2 ч. Ч.1 (Тверь, 11 декабря 2017 г.) / под общ. ред. О.М. Дюжиловой, Г.Г. Скворцовой
d Место и дата издания Тверь : ТвГТУ, 2018
g Прочая информация С. 68-71
w Контрольный № источника 92180f94c3d949dd8fb98d1531188c5f
856 40 u URL https://elibrary.ru/item.asp?id=32495557&pff=1
901 t Тип документа b
905 a Дата создания записи 13.05.22
950 a Редактор записи гм